Современные проблемы квантовой химии; Динамика элементарных реакций и теория взаимодействия света с веществом: сборник научных трудов

Detaylı Bibliyografya
Müşterek Yazar: Академия наук СССР (АН СССР) Институт химической физики им. Н. Н. Семенова (ИХФ)
Diğer Yazarlar: Тулуб А. В. (редактор), Веселов М. Г.
Dil:Rusça
Baskı/Yayın Bilgisi: Ленинград, Наука, 1991
Konular:
Materyal Türü: MixedMaterials Kitap
KOHA link:https://koha.lib.tpu.ru/cgi-bin/koha/opac-detail.pl?biblionumber=203868

MARC

LEADER 00000nam0a2200000 4500
001 203868
005 20231101225157.0
010 |a 5020245747 
020 |a RU  |b 91-36093 
035 |a (RuTPU)RU\TPU\book\222191 
090 |a 203868 
100 |a 20111112d1991 k a0rusy5003 ca 
101 0 |a rus 
102 |a RU 
105 |a a z 001zy 
200 1 |a Современные проблемы квантовой химии  |a Динамика элементарных реакций и теория взаимодействия света с веществом   |e сборник научных трудов  |f Академия наук СССР (АН СССР), Институт химической физики им. Н. Н. Семенова (ИХФ) ; под ред. А. В. Тулуба, М. Г. Веселова 
210 |a Ленинград  |c Наука  |d 1991 
215 |a 263 с.  |c ил.  |d 23 см 
320 |a Библиогр. в конце ст. 
606 1 |a Квантовая химия  |2 stltpush  |3 (RuTPU)RU\TPU\subj\69462  |9 84313 
610 1 |a проблемы 
610 1 |a реакции 
610 1 |a динамика 
610 1 |a свет 
610 1 |a вещество 
610 1 |a взаимодействие 
675 |a 544.18  |z rus 
702 1 |a Тулуб  |b А. В.  |4 340 
702 1 |a Веселов  |b М. Г.  |4 340 
712 0 2 |a Академия наук СССР (АН СССР)  |b Институт химической физики им. Н. Н. Семенова (ИХФ)  |c (Москва)  |2 stltpush  |3 (RuTPU)RU\TPU\col\1482 
801 0 |a RU  |b RuMRKP  |c 19960705  |g psbo 
801 1 |a RU  |b 63413507  |c 20111112 
801 2 |a RU  |b 63413507  |c 20190325  |g RCR 
942 |c BK